000 00695nam a2200265Ia 4500
003 OSt
005 20221007110602.0
006 a|||||r|||| 00| 0
007 ta
008 221006b |||||||| |||| 00| 0 eng d
020 _a0631104712
024 _a21,376
037 _cTextual
040 _aLCO
_cLCO
_beng
041 _2eng
_aeng
082 _aY.3, L9
100 _aRoom Graham
_9133848
245 0 _aSociology of Welfare
260 _aNew
_bDelhi Galgotia Publications Delhi
_c1979
300 _a276
500 _aSocial Policy, Stratification and Political Order
650 _aSOCIOLOGY
942 _hY.3, L9
_cTEXL
999 _c1190939
_d1190939